Dirk Nowitzki's All-Star Team Mates - Statistics

General Stats
  • This quiz has been taken 382 times
    369 since last reset
  • The average score is 7 of 31
Answer Stats
First All-Star Selection # of All-Stars Player % Correct
1996 10 Jason Kidd
93%
2002 8 Steve Nash
82%
2003 4 Shawn Marion
61%
2013 1 Tyson Chandler
58%
2000 2 Michael Finley
41%
2000 8 Vince Carter
40%
1996 1 Juwan Howard
32%
2007 1 Josh Howard
31%
2010 3 Deron Williams
27%
2002 3 Peja Stojakovic
18%
1997 3 Eddie Jones
17%
2017 1 DeAndre Jordan
16%
2009 1 Devin Harris
16%
2005 6 Amar'e Stoudemire
15%
2010 4 Rajon Rondo
15%
1991 5 Tim Hardaway
14%
2000 2 Jerry Stackhouse
12%
1998 3 Antoine Walker
11%
2007 2 Caron Butler
11%
1990 1 A.C. Green
10%
1998 1 Nick Van Exel
8%
1990 2 Dennis Rodman
6%
2002 2 Elton Brand
4%
2009 1 Jameer Nelson
4%
2010 2 David Lee
3%
2004 1 Jamaal Magloire
3%
2010 1 Chris Kaman
2%
1997 1 Christian Laettner
2%
1992 1 Kevin Willis
2%
1995 1 Cedric Caballos
1%
1993 2 Danny Manning
1%
No matching quizzes found
Score Distribution
Percent of People with Each Score
Percentile by Number Answered
Your Score History
You have not taken this quiz since the last reset